01338cam a22003131 4500001001300000003000400013005001700017008004100034010001700075035001900092040004300111042001200154043001200166050001500178082001100193100004900204245016200253260002000415300004300435490010800478500009200586504003600678650004700714650004000761700004700801700004400848810006300892810006900955gs 47000233 DLC20260227111352.0770317s1945 miuab s000 0 eng c ags 47000233  a(OCoLC)2811591 aU.S. Geol. Survey Libr.cMiRochOUdDLC apremarc an-us-mi00aQE125b.A4 a557.741 aLandes, Kenneth K.q(Kenneth Knight),d1899-10aGeology of the Mackinac Straits region and sub-surface geology of northern Southern Peninsula,cby Kenneth K. Landes, George M. Ehlers and George M. Stanley. aLansing,c1945. a204 p.billus., maps (1 fold.)c24 cm.1 aMichigan. Dept. of Conservation. Geological Survey Division. Publication 44. Geological series,v37 a"Published as a part of the Biennial report of the Geological Survey Division in 1944." a"References cited": p. 196-198. 0aGeologyzMichiganzMackinac Island Region. 0aGeologyzMichiganzUpper Peninsula.1 aEhlers, George Marion,d1891-ejt. author.1 aStanley, George M.,d1905-ejt. author.1 aMichigan.bGeological Survey Division.tPublication ;v44.1 aMichigan.bGeological Survey Division.tGeological series ;v37.